Biblioteca y Centro de Documentación

I Encuentro en Extremadura de Presidentes y Secretarios Generales de los CES de las Comunidades Autónomas y de España (Registro nro. 21802)

Detalles MARC
000 -CABECERA
Longitud fija campo de control 01369nam a2200313 c 4500
001 - NÚMERO DE CONTROL
Número de control 21802
003 - IDENTIFICADOR DE NÚMERO DE CONTROL
Identificador del número de control ES-MaCES
005 - FECHA Y HORA DE LA ÚLTIMA TRANSACCIÓN
Fecha y hora de la última transacción 20141221122738.0
008 - CAMPO FIJO DE DESCRIPCIÓN FIJA--INFORMACIÓN GENERAL
Códigos de información de longitud fija   090129s2007 sp a rt o100 | spa d
035 ## - NÚMERO DE CONTROL DEL SISTEMA
Número de control del sistema CES20090000910m
040 ## - FUENTE DE CATALOGACIÓN
Centro catalogador de origen ES-MaCES
Lengua de catalogación spa
Centro transcriptor ES-MaCES
111 2# - ENCABEZAMIENTO PRINCIPAL--NOMBRE DE REUNIÓN
Nombre de congreso o jurisdicción como elemento de entrada Encuentro en Extremadura de Presidentes y Secretarios Generales de los CES de las Comunidades Autónomas y de España
Número del congreso o número de parte o sección de la obra
Fecha del congreso 2007
Sede del congreso Mérida
9 (RLIN) 1070
245 10 - MENCIÓN DE TÍTULO
Título I Encuentro en Extremadura de Presidentes y Secretarios Generales de los CES de las Comunidades Autónomas y de España
Medio Recurso electrónico
Resto del título : Mérida, 15 y 16 de marzo de 2007
Mención de responsabilidad, etc. Consejo Económico y Social de Extremadura
260 ## - PUBLICACIÓN, DISTRIBUCIÓN, ETC (PIE DE IMPRENTA)
Lugar de publicación, distribución, etc. [Mérida]
Nombre del editor, distribuidor, etc. CES
Fecha de publicación, distribución, etc. [2007]
300 ## - DESCRIPCIÓN FÍSICA
Extensión 2 CD-ROM
Dimensiones 12 cm
500 ## - NOTA GENERAL
Nota general Tít. tomado de la etiqueta del CD-ROM
505 0# - NOTA DE CONTENIDO FORMATEADA
Nota de contenido con formato CD-ROM 1: reportaje fotográfico, transcripción -- CD-ROM 2: reportaje audivisual
541 ## - NOTA DE LA FUENTE INMEDIANTE DE ADQUISICIÓN
Forma de adquisición Gratuito
650 #4 - ASIENTO SECUNDARIO DE MATERIA--TÉRMINO DE MATERIA
Término de materia o nombre geográfico como elemento inicial Consejos Económicos y Sociales
9 (RLIN) 30859
650 #4 - ASIENTO SECUNDARIO DE MATERIA--TÉRMINO DE MATERIA
Término de materia o nombre geográfico como elemento inicial España
9 (RLIN) 26964
650 #4 - ASIENTO SECUNDARIO DE MATERIA--TÉRMINO DE MATERIA
Término de materia o nombre geográfico como elemento inicial Comunidades Autónomas
9 (RLIN) 30768
650 #4 - ASIENTO SECUNDARIO DE MATERIA--TÉRMINO DE MATERIA
Término de materia o nombre geográfico como elemento inicial CD ROM
9 (RLIN) 30331
653 10 - TÉRMINO DE INDEXACIÓN--NO CONTROLADO
Término no controlado Administración-Instituciones públicas
710 2# - ENCABEZAMIENTO SECUNDARIO--NOMBRE CORPORATIVO
Nombre de entidad o nombre de jurisdicción como elemento inicial Consejo Económico y Social de Extremadura
9 (RLIN) 2436
787 0# - ENTRADA DE OTRAS ESPECIFICACIONES
Título Encuentro Anual de C.E.S. 2008
Número de control del registro relacionado (ES-MaCES)22874
902 ## - CES. TIPO DE DOCUMENTO
Tipodoc (006$c Sirtex) ELE PUB. ELECTRONICA
942 ## - ELEMENTOS KOHA
Fuente de clasificaión o esquema Clasificación propia del CES
Koha [por defecto] tipo de item Monografías
Parte de clasificación 6.3.
Existencias
Número de registro Signatura completa Tipo de item de Koha
073171 SR-CD-808 Monografías
© CES, Consejo Económico y Social de España 2021